000
00330nam a2200145Ia 4500
100
_a
Comer/Douglas E
650
_a
Computers
942
_c
BK
654
_a
networks
245
_a
Computer networks and internets
260
_b
Pearson Education
_a
Mumbai
_c
2004
082
_a
004.67/COM
_b
COM
300
_a
719
546
_a
ENGLISH
999
_c
20489
_d
20489